Cities with the Most Museums - Statistics

General Stats
  • This quiz has been taken 198 times
  • The average score is 8 of 10
Answer Stats
Museums City % Correct
262 New York City
99%
309 London
98%
223 Paris
98%
195 Rome
91%
367 Tokyo
91%
284 Beijing
87%
586 Moscow
85%
259 Shanghai
69%
427 St. Petersburg
56%
145 Mexico City
49%
No matching quizzes found
Score Distribution
Percent of People with Each Score
Percentile by Number Answered
Your Score History
You have not taken this quiz